000 00486nam a2200181Ia 4500
003 GCL
008 140319s9999 xx 000 0 ara d
040 _aGCL /
_cGCL
082 0 4 _a791.4353
_bك ص
100 1 _aكمال رمزى
245 1 0 _aصلاح التهامى:عصر التفاؤل /
_cكمال رمزى
300 _a80 ص
490 _a
650 0 4 _aالافلام
650 0 4 _aالافلام التسجيلية
650 0 4 _aصلاح التهامى
942 _2ddc
_cBK
999 _c39778
_d39778